Kid Cudi or Jay-Z - Kanye Multiple Choice Quiz - Statistics

General Stats
  • This quiz has been taken 95 times
    21 since last reset
  • The average score is 12 of 14
Answer Stats
Question Answer % Correct
Reborn Kid Cudi
100%
Diamonds from Sierra Leone (Remix) Jay-Z
95%
Ghost Town Kid Cudi
95%
Gorgeous Kid Cudi
95%
Cudi Montage Kid Cudi
95%
Otis Jay-Z
90%
Never Let Me Down Jay-Z
86%
Jail Jay-Z
86%
Waves Kid Cudi
86%
Moon Kid Cudi
86%
Monster Jay-Z
81%
All Of The Lights Kid Cudi
81%
New Day Jay-Z
71%
Guilt Trip Kid Cudi
71%
No matching quizzes found
Score Distribution
Percent of People with Each Score
Percentile by Number Answered
Your Score History
You have not taken this quiz since the last reset